Report of the departmental committtee on the adoption of children (Record no. 418511)

000 -LEADER
fixed length control field 00377cam a22001097a 4500
008 - FIXED-LENGTH DATA ELEMENTS--GENERAL INFORMATION
fixed length control field 180718b1958 xxu||||| |||| 00| 0 eng d
082 ## - DEWEY DECIMAL CLASSIFICATION NUMBER
Classification number Q436x42 un3
245 ## - TITLE STATEMENT
Title Report of the departmental committtee on the adoption of children
Statement of responsibility, etc. by Scottish Home Department
260 ## - PUBLICATION, DISTRIBUTION, ETC.
Place of publication, distribution, etc. London
Name of publisher, distributor, etc. Her Majesty's Stationery Office
Date of publication, distribution, etc. 1958
300 ## - PHYSICAL DESCRIPTION
Extent 87p.
700 ## - ADDED ENTRY--PERSONAL NAME
Personal name U.K. Scottish Home Department
Holdings
Withdrawn status Lost status Damaged status Not for loan Permanent Location Current Location Date acquired Full call number Barcode Date last seen Price effective from Koha item type
        Indian Institute of Public Administration Indian Institute of Public Administration 2009-06-19 Q436x42 un3 12169 2018-07-21 2018-07-21 Book

Powered by Koha